<?xml version="1.0" encoding="UTF-8"?><?xml-stylesheet type="text/xsl" href="static/style.xsl"?><OAI-PMH xmlns="http://www.openarchives.org/OAI/2.0/" xmlns:xsi="http://www.w3.org/2001/XMLSchema-instance" xsi:schemaLocation="http://www.openarchives.org/OAI/2.0/ http://www.openarchives.org/OAI/2.0/OAI-PMH.xsd"><responseDate>2026-04-14T15:26:56Z</responseDate><request verb="GetRecord" identifier="oai:uvadoc.uva.es:10324/65005" metadataPrefix="marc">https://uvadoc.uva.es/oai/request</request><GetRecord><record><header><identifier>oai:uvadoc.uva.es:10324/65005</identifier><datestamp>2025-03-26T19:10:05Z</datestamp><setSpec>com_10324_1142</setSpec><setSpec>com_10324_931</setSpec><setSpec>com_10324_894</setSpec><setSpec>col_10324_1258</setSpec></header><metadata><record xmlns="http://www.loc.gov/MARC21/slim" xmlns:doc="http://www.lyncode.com/xoai" xmlns:xsi="http://www.w3.org/2001/XMLSchema-instance" xmlns:dcterms="http://purl.org/dc/terms/" xsi:schemaLocation="http://www.loc.gov/MARC21/slim http://www.loc.gov/standards/marcxml/schema/MARC21slim.xsd">
<leader>00925njm 22002777a 4500</leader>
<datafield tag="042" ind1=" " ind2=" ">
<subfield code="a">dc</subfield>
</datafield>
<datafield tag="720" ind1=" " ind2=" ">
<subfield code="a">Sánchez Macías, Inmaculada Concepción</subfield>
<subfield code="e">author</subfield>
</datafield>
<datafield tag="720" ind1=" " ind2=" ">
<subfield code="a">Weber, Andrea</subfield>
<subfield code="e">author</subfield>
</datafield>
<datafield tag="720" ind1=" " ind2=" ">
<subfield code="a">Raimundo Yaegashi, S.Franci</subfield>
<subfield code="e">author</subfield>
</datafield>
<datafield tag="260" ind1=" " ind2=" ">
<subfield code="c">2022</subfield>
</datafield>
<datafield tag="520" ind1=" " ind2=" ">
<subfield code="a">El  estudio  presenta  un  análisis  de  las  representaciones  sociales  del  profesorado  de  música sobre patrimonio cultural. Se diseña una investigación de corte mixto, con evidencias recogidas a través de entrevistas semiestructuradas y el test de asociación libre de palabras. Como resultados des-tacamos que las representaciones sociales de estos docentes conforman una estructura compleja, con su centralidad en las identidades, asociadas a diferentes factores periféricos que, interconectados, se conso-lidan como pensamiento social sobre los temas investigados.</subfield>
</datafield>
<datafield tag="024" ind2=" " ind1="8">
<subfield code="a">América Latina Hoy, 92, 41–65.</subfield>
</datafield>
<datafield tag="024" ind2=" " ind1="8">
<subfield code="a">https://uvadoc.uva.es/handle/10324/65005</subfield>
</datafield>
<datafield tag="024" ind2=" " ind1="8">
<subfield code="a">10.14201/alh.27099</subfield>
</datafield>
<datafield tag="245" ind1="0" ind2="0">
<subfield code="a">Patrimonio cultural en las representaciones sociales de profesores de música en contextos latinoamericanos</subfield>
</datafield>
</record></metadata></record></GetRecord></OAI-PMH>